000 00508nam a22002051a 4500
001 1234
003 OSt
005 20260204211726.0
008 040117s1990||||sp ||||||b||||||||||spa||
020 _a8476152310
050 _a003.75 N551g
082 _a003.75 N551g
100 _aNicholas, Don.
245 _aGuía completa de macros del Symphony / Don Nicholas
264 _aEspaña : Osborne / McGraw-Hill
300 _a133 p.
500 _aIncluye indice.
650 _a1.SistemaÌ
942 _2ddc
_cBK
999 _c1234
_d1234